[Event "Bad Breisig op"]
[Site "?"]
[Date "2001.??.??"]
[Round "3"]
[White "Noras, Peter"]
[Black "Becher, Helmut"]
[Result "0-1"]
[WhiteElo "1699"]
[BlackElo "2207"]
[Annotator "ChessOrg"]
[PlyCount "95"]

1. Nf3 d5 2. g3 Nf6 3. Bg2 Bg4 4. O-O c6 5. d4 Nbd7 6. b3 e6 7. Bb2 Bd6 8. Nbd2
O-O 9. c4 Re8 10. c5 Bc7 11. b4 e5 12. dxe5 Nxe5 13. Re1 Qd7 14. Qb3 a6 15. a4
Rad8 16. Nd4 Bh3 17. f4 Ng6 18. N4f3 Bxg2 19. Bxf6 gxf6 20. Kxg2 d4 21. Rad1
Re3 22. Qb2 Bxf4 23. Nc4 Qe7 24. Nxe3 Bxe3 25. Nxd4 Qe4+ 26. Nf3 Rxd1 27. Rxd1
Ne5 28. Rf1 Kg7 29. Qb1 Qd5 30. Rd1 Qc4 31. Qb2 Qe4 32. b5 Bxc5 33. bxa6 Nc4
34. Rd4 Bxd4 35. Qxd4 Qxe2+ 36. Kh3 Qe6+ 37. Kh4 bxa6 38. g4 h6 39. Kg3 Ne3 40.
h4 c5 41. Qf4 Nd5 42. Qc4 Qd6+ 43. Kf2 Nf4 44. a5 Ne6 45. Qb3 Qf4 46. g5 hxg5
47. hxg5 Nxg5 48. Ke2 0-1

[Event "Bad Breisig op"]
[Site "?"]
[Date "2001.??.??"]
[Round "3"]
[White "Auf'm Wasser, Guenter"]
[Black "Reimann, Guenther"]
[Result "1/2-1/2"]
[WhiteElo "1693"]
[BlackElo "1827"]
[Annotator "ChessOrg"]
[PlyCount "53"]

1. f4 e6 2. Nf3 d5 3. e3 Nf6 4. b3 Be7 5. Bb2 O-O 6. Be2 c5 7. O-O Nc6 8. Qe1
b6 9. d3 Bb7 10. Nbd2 Rc8 11. Ne5 d4 12. Ndc4 dxe3 13. Nxc6 Bxc6 14. Ne5 Ne8
15. Nxc6 Rxc6 16. Bf3 Rc8 17. Kh1 Bf6 18. Be5 Nd6 19. Qxe3 Nf5 20. Qe4 Bxe5 21.
Qxe5 Qd4 22. Rae1 Rfd8 23. a4 Qxe5 24. Rxe5 Rd6 25. Rfe1 Rcd8 26. g3 g6 27. Kg2
1/2-1/2

[Event "Bad Breisig op"]
[Site "?"]
[Date "2001.??.??"]
[Round "3"]
[White "Noettger, Eckard"]
[Black "Wempe, Moritz"]
[Result "1-0"]
[WhiteElo "1780"]
[BlackElo "1176"]
[Annotator "ChessOrg"]
[PlyCount "85"]

1. d4 Nc6 2. Nf3 f5 3. c4 Nf6 4. d5 Nb8 5. Nc3 Ne4 6. Nxe4 fxe4 7. Ng5 c6 8.
Nxe4 cxd5 9. cxd5 g6 10. Bd2 Bg7 11. Bc3 e5 12. dxe6 Bxc3+ 13. Nxc3 dxe6 14.
Qxd8+ Kxd8 15. e3 Nc6 16. O-O-O+ Bd7 17. Bb5 a6 18. Bxc6 bxc6 19. Rd6 Ke7 20.
Rhd1 Rad8 21. Ne4 Bc8 22. Rxc6 Rxd1+ 23. Kxd1 Rd8+ 24. Kc1 Bb7 25. Rc7+ Rd7 26.
Rxd7+ Kxd7 27. Nc5+ Kc6 28. Nxb7 Kxb7 29. Kd2 Kc6 30. Kc3 Kc5 31. b4+ Kd5 32.
f3 e5 33. e4+ Kc6 34. Kc4 h5 35. h4 Kd6 36. a4 Kc6 37. g4 Kd6 38. b5 axb5+ 39.
Kxb5 Kc7 40. Kc5 Kd7 41. Kd5 hxg4 42. fxg4 Ke7 43. Kxe5 1-0

[Event "Bad Breisig op"]
[Site "?"]
[Date "2001.??.??"]
[Round "4"]
[White "Zaschke, Benjamin"]
[Black "Boidman, Yuri"]
[Result "0-1"]
[WhiteElo "2041"]
[BlackElo "2434"]
[Annotator "ChessOrg"]
[PlyCount "50"]

1. d4 d5 2. Nf3 Nf6 3. c4 c6 4. Nc3 e6 5. e3 Nbd7 6. Bd3 dxc4 7. Bxc4 b5 8. Be2
a6 9. O-O c5 10. a4 b4 11. Nb1 Bb7 12. Nbd2 Be7 13. b3 O-O 14. Bb2 Nd5 15. Rc1
Rc8 16. Nc4 cxd4 17. exd4 Nf4 18. Re1 Nxe2+ 19. Qxe2 Nf6 20. Nfe5 Nd5 21. Qg4
a5 22. Rcd1 f5 23. Qg3 Bh4 24. Qf3 Ba8 25. Rd3 Bg5 0-1

[Event "Bad Breisig op"]
[Site "?"]
[Date "2001.??.??"]
[Round "4"]
[White "Gerhards, Walter"]
[Black "Weisshaupt, Rainer"]
[Result "1-0"]
[WhiteElo "1834"]
[BlackElo "2183"]
[Annotator "ChessOrg"]
[PlyCount "75"]

1. e4 e5 2. Nf3 Nc6 3. Bb5 a6 4. Ba4 Nf6 5. O-O Be7 6. Re1 b5 7. Bb3 O-O 8. a4
b4 9. d4 d6 10. h3 Rb8 11. Nbd2 Nxd4 12. Nxd4 exd4 13. Nf3 c5 14. e5 dxe5 15.
Nxe5 Bb7 16. Bg5 Ne4 17. Bxe7 Qxe7 18. Nxf7 c4 19. Bxc4 Qc5 20. Nd6+ Kh8 21.
Nxb7 Rxb7 22. Rxe4 Qxc4 23. Rxd4 Qc5 24. Qd2 h6 25. Re1 a5 26. Re2 Qc6 27. Rd8
Rb8 28. Rxb8 Rxb8 29. b3 Rc8 30. Qf4 Qg6 31. Qd2 Qf5 32. g4 Qc5 33. Qe3 Qc6 34.
Qe5 Qd7 35. Kg2 Qd1 36. Qe4 Rd8 37. h4 Rd4 38. Qf3 1-0

[Event "Bad Breisig op"]
[Site "?"]
[Date "2001.??.??"]
[Round "4"]
[White "Rehm, Ulrich"]
[Black "Weber, Gerhard"]
[Result "1/2-1/2"]
[WhiteElo "1992"]
[BlackElo "2130"]
[Annotator "ChessOrg"]
[PlyCount "117"]

1. e4 e5 2. Nf3 Nc6 3. Bb5 Nd4 4. Ba4 Nxf3+ 5. Qxf3 Bc5 6. d3 Ne7 7. Bg5 f6 8.
Bb3 d5 9. Bh4 Be6 10. O-O O-O 11. Nc3 c6 12. h3 Qd7 13. Bg3 Bd4 14. Rab1 Bxc3
15. bxc3 Ng6 16. exd5 cxd5 17. c4 dxc4 18. Bxc4 b6 19. Qf5 Rfe8 20. Rb2 Kf8 21.
Qe4 f5 22. Bxe6 Qxe6 23. Qb4+ Kf7 24. f3 f4 25. Bf2 Ne7 26. Re1 Nd5 27. Qe4 Nf6
28. Qa4 Qd7 29. Qxd7+ Nxd7 30. a4 Kf6 31. Ra1 Reb8 32. Kf1 Nc5 33. Bxc5 bxc5
34. Rab1 Rc8 35. Rb7 c4 36. dxc4 Rxc4 37. Rd1 g6 38. h4 e4 39. fxe4 Rxc2 40.
Rdd7 Rac8 41. Rxa7 R8c3 42. Rf7+ Ke5 43. Rae7+ Kd4 44. Rxf4 Ra3 45. Kg1 h5 46.
Re6 Rg3 47. Rf2 Rc1+ 48. Kh2 Rg4 49. g3 Ra1 50. Rf4 Rxf4 51. gxf4 Ra2+ 52. Kg3
Ra3+ 53. Kf2 Ra2+ 54. Ke1 Rxa4 55. f5 Ke3 56. Kd1 gxf5 57. exf5+ Kd3 58. Ke1
Rxh4 59. Ra6 1/2-1/2

[Event "Bad Breisig op"]
[Site "?"]
[Date "2001.??.??"]
[Round "4"]
[White "Gerndorf, Michael"]
[Black "Reinke, Kurt"]
[Result "0-1"]
[WhiteElo "1976"]
[BlackElo "1828"]
[Annotator "ChessOrg"]
[PlyCount "80"]

1. e4 c5 2. Nf3 d6 3. d4 cxd4 4. Nxd4 Nf6 5. Nc3 a6 6. Be3 e5 7. Nb3 Be7 8. g3
Nbd7 9. Bg2 Qc7 10. O-O b5 11. a3 O-O 12. Qe2 Bb7 13. Rad1 Rad8 14. g4 h6 15.
h4 Nh7 16. h5 Nb6 17. Nd5 Bxd5 18. exd5 Nc4 19. c3 Bh4 20. Bc1 Ng5 21. Nd2 Nxd2
22. Bxd2 f5 23. gxf5 Nh7 24. Qg4 Bg5 25. Be3 Qd7 26. Bh3 Nf6 27. Qe2 Bh4 28. c4
Qf7 29. cxb5 axb5 30. Bg2 Bg5 31. Bxg5 hxg5 32. Bf3 e4 33. Bg4 Rde8 34. f4 exf3
35. Qxf3 Re4 36. Qxe4 Nxe4 37. f6 Qa7+ 38. Kh2 Nxf6 39. Be6+ Kh8 40. Rc1 Qd4
0-1

[Event "Bad Breisig op"]
[Site "?"]
[Date "2001.??.??"]
[Round "4"]
[White "Becher, Helmut"]
[Black "Kirchgessner, Hans"]
[Result "1/2-1/2"]
[WhiteElo "2207"]
[BlackElo "1801"]
[Annotator "ChessOrg"]
[PlyCount "42"]

1. e4 c6 2. Nc3 d5 3. Qf3 dxe4 4. Qxe4 Nf6 5. Qh4 Bf5 6. d3 e6 7. Bg5 Be7 8.
O-O-O Qc7 9. Nf3 Nbd7 10. d4 O-O-O 11. Bc4 h6 12. Bxf6 Bxf6 13. Qg3 Qxg3 14.
fxg3 Nb6 15. Bb3 Nd5 16. Nxd5 exd5 17. c3 Rhe8 18. Rde1 Kd7 19. Kd2 Rxe1 20.
Rxe1 Re8 21. Rxe8 Kxe8 1/2-1/2

[Event "Bad Breisig op"]
[Site "?"]
[Date "2001.??.??"]
[Round "4"]
[White "Wempe, Juergen"]
[Black "Schwertel, Johann"]
[Result "1/2-1/2"]
[WhiteElo "2177"]
[BlackElo "1875"]
[Annotator "ChessOrg"]
[PlyCount "96"]

1. e4 d5 2. d3 dxe4 3. dxe4 Qxd1+ 4. Kxd1 e5 5. Be3 Nf6 6. f3 Nbd7 7. Nd2 Bc5
8. Nc4 Bxe3 9. Nxe3 Nb6 10. Bc4 O-O 11. c3 Bd7 12. Kc2 Rad8 13. g4 Bc6 14. Bd3
a6 15. h4 g6 16. h5 Rd6 17. Rd1 Rfd8 18. Ne2 Nfd7 19. g5 Nc5 20. Nc1 Ne6 21.
Ng4 Nd7 22. Rdg1 b5 23. hxg6 fxg6 24. Rh4 Nf4 25. Rgh1 Nh5 26. Nh6+ Kf8 27. Nf5
Re6 28. b4 Kf7 29. Ne2 Nf8 30. Nh6+ Kg7 31. Ng4 Bd7 32. Kc1 Bc6 33. Bc2 Rd7 34.
Bb3 Ree7 35. Ne3 Rd3 36. Nf5+ gxf5 37. exf5 Rxf3 38. Rxh5 Rxf5 39. Re1 Rd7 40.
Bc2 Rf3 41. Rh6 Rd6 42. Reh1 Rxh6 43. gxh6+ Kf6 44. Rg1 Rh3 45. Rg7 Bd7 46. Rg8
Kf7 47. Rg7+ Kf6 48. Rg8 Ke7 1/2-1/2

[Event "Bad Breisig op"]
[Site "?"]
[Date "2001.??.??"]
[Round "4"]
[White "Meyer, Marco"]
[Black "Noettger, Eckard"]
[Result "0-1"]
[WhiteElo "1602"]
[BlackElo "1780"]
[Annotator "ChessOrg"]
[PlyCount "84"]

1. Nf3 d5 2. g3 c6 3. Bg2 g6 4. O-O Bg7 5. d3 Nf6 6. Nbd2 O-O 7. Re1 Qc7 8. e4
dxe4 9. dxe4 e5 10. Nc4 Rd8 11. Qe2 Ne8 12. a4 b6 13. Rb1 Ba6 14. b4 Nd6 15.
Nfd2 Nxc4 16. Nxc4 Rd4 17. b5 cxb5 18. axb5 Bxb5 19. Rxb5 Qxc4 20. Qxc4 Rxc4
21. Bb2 Nc6 22. Ra1 Rxc2 23. Rxb6 Rd8 24. Rxc6 Rxc6 25. Rxa7 Rb6 26. Ra2 h6 27.
Bf1 Rbb8 28. Bc4 Ra8 29. Ba3 Bf8 30. Bxf8 Rxa2 31. Bxa2 Kxf8 32. Bd5 Rxd5 33.
exd5 Ke7 34. Kg2 Kd6 35. Kf3 Kxd5 36. Ke3 f5 37. f3 g5 38. f4 gxf4+ 39. gxf4 e4
40. h4 h5 41. Kd2 Kd4 42. Ke2 e3 0-1

[Event "Bad Breisig op"]
[Site "?"]
[Date "2001.??.??"]
[Round "4"]
[White "Meyer, Lars"]
[Black "Karwatzki, Hans-Juergen"]
[Result "1-0"]
[WhiteElo "1696"]
[BlackElo "1557"]
[Annotator "ChessOrg"]
[PlyCount "32"]

1. e4 e5 2. d4 exd4 3. Qxd4 Nc6 4. Qa4 Bc5 5. Nf3 d6 6. Nc3 Bd7 7. Bb5 a6 8.
Nd5 Nge7 9. Bg5 f6 10. Bxf6 gxf6 11. Nxf6+ Kf7 12. Bxc6 Nxc6 13. Nxd7 Qxd7 14.
Qc4+ Qe6 15. Ng5+ Kg6 16. Qxe6+ Kxg5 1-0

[Event "Bad Breisig op"]
[Site "?"]
[Date "2001.??.??"]
[Round "4"]
[White "Reimann, Guenther"]
[Black "Noras, Peter"]
[Result "0-1"]
[WhiteElo "1827"]
[BlackElo "1699"]
[Annotator "ChessOrg"]
[PlyCount "159"]

1. d4 d5 2. c4 Nf6 3. Nc3 c6 4. e3 Bf5 5. Nf3 e6 6. Be2 Bd6 7. O-O h6 8. b3
Nbd7 9. Bb2 O-O 10. h3 Re8 11. Bd3 Ne4 12. Qc2 Ndf6 13. Rfe1 Bb4 14. a3 Bxc3
15. Bxc3 Nxc3 16. Bxf5 exf5 17. Qxc3 Ne4 18. Qc2 Rc8 19. c5 Rc7 20. Ne5 Qh4 21.
Nd3 Rce7 22. Kh2 g6 23. g3 Qf6 24. Rac1 Ng5 25. Qd1 Qe6 26. h4 Ne4 27. Rc2 Nf6
28. f3 Qd7 29. Qd2 Kg7 30. Kg2 Qc7 31. Qf2 Nh5 32. Rce2 Qa5 33. a4 Qc3 34. Nc1
Qa5 35. Rf1 Nf6 36. Qe1 Qc7 37. Nd3 Nh7 38. Rh1 Re6 39. Nf4 R6e7 40. Nd3 Qd8
41. Qf2 Rh8 42. Kf1 Nf6 43. Ne5 Rhe8 44. Kg2 Qa5 45. Qe1 Qc7 46. Kf2 Nh7 47.
Qg1 f6 48. Nd3 Nf8 49. Re1 Qa5 50. Re2 Ne6 51. g4 Nxd4 52. gxf5 Nxf5 53. Nf4 g5
54. Qg4 Nxe3 55. Qh5 Ng4+ 56. Qxg4 Qxc5+ 57. Kg3 Rxe2 58. hxg5 Qf2+ 59. Kh3
fxg5 60. Nh5+ Kg6 61. Nf4+ Kh7 62. Qf5+ Kg7 63. Qg6+ Kf8 64. Qxh6+ Ke7 65. Nxe2
Qxf3+ 66. Ng3 g4+ 67. Kh4 Qf6+ 68. Qxf6+ Kxf6 69. Kxg4 Rg8+ 70. Kf3 Ke5 71. Rh7
Rf8+ 72. Kg2 Rb8 73. Ne2 Ke4 74. Kf2 Kd3 75. Rh3+ Kd2 76. Nd4 Rf8+ 77. Kg2 Re8
78. Kf1 Re3 79. Rh2+ Kd3 80. Rh4 0-1

[Event "Bad Breisig op"]
[Site "?"]
[Date "2001.??.??"]
[Round "4"]
[White "Wempe, Moritz"]
[Black "Auf'm Wasser, Guenter"]
[Result "0-1"]
[WhiteElo "1176"]
[BlackElo "1693"]
[Annotator "ChessOrg"]
[PlyCount "104"]

1. e4 e5 2. Nf3 d6 3. Bc4 Bg4 4. d3 Nc6 5. h3 Bxf3 6. Qxf3 Qf6 7. Qg3 Be7 8.
Nc3 O-O-O 9. Nd5 Qg6 10. Qxg6 fxg6 11. Be3 a6 12. O-O-O Na5 13. Ba7 Nxc4 14.
dxc4 Bg5+ 15. Kb1 b6 16. h4 Bf6 17. Bxb6 cxb6 18. Nxb6+ Kb7 19. Nd5 Ne7 20. Nb4
g5 21. g3 gxh4 22. gxh4 a5 23. Nd5 Nxd5 24. cxd5 g5 25. hxg5 Bxg5 26. Rhg1 h6
27. Rd3 Rhf8 28. Rg2 Rf7 29. Rb3+ Ka6 30. Rc3 Rdf8 31. Rc6+ Kb7 32. Rxd6 Rxf2
33. Rxf2 Rxf2 34. b3 Bd2 35. Rc6 h5 36. Kb2 h4 37. Rh6 Rf4 38. Rh7+ Kc8 39. d6
Bb4 40. d7+ Kd8 41. c3 Bd6 42. Kc2 Rxe4 43. Kd3 Rg4 44. Ke3 Be7 45. Kf3 Rf4+
46. Kg2 Kxd7 47. a4 e4 48. b4 axb4 49. cxb4 e3 50. a5 e2 51. a6 e1=Q 52. a7
Qg3+ 0-1

[Event "Bad Breisig op"]
[Site "?"]
[Date "2001.??.??"]
[Round "5"]
[White "Woeltge, Carsten"]
[Black "Zaschke, Benjamin"]
[Result "1/2-1/2"]
[WhiteElo "1933"]
[BlackElo "2041"]
[Annotator "ChessOrg"]
[PlyCount "74"]

1. d4 Nf6 2. Nf3 g6 3. c4 c5 4. d5 b5 5. cxb5 a6 6. b6 Qxb6 7. Nc3 Bg7 8. e4 d6
9. Be2 O-O 10. Nd2 Nbd7 11. a4 Rb8 12. a5 Qa7 13. Nc4 Ne8 14. h4 Nc7 15. h5 Nb5
16. Na4 Nf6 17. Rh4 Nd4 18. Nab6 Nxe2 19. Qxe2 Bd7 20. hxg6 hxg6 21. Nxd7 Nxd7
22. Ra3 Qb7 23. f4 Qb5 24. Rh2 e6 25. dxe6 fxe6 26. Rg3 Qc6 27. Rxg6 Nf6 28. e5
dxe5 29. fxe5 Ne8 30. Qe3 Qd5 31. Rg4 Rb4 32. b3 Rf1+ 33. Kxf1 Qd1+ 34. Kf2
Qxg4 35. Ba3 Qf5+ 36. Ke2 Qc2+ 37. Nd2 Rb5 1/2-1/2

[Event "Bad Breisig op"]
[Site "?"]
[Date "2001.??.??"]
[Round "5"]
[White "Reinke, Kurt"]
[Black "Rehm, Ulrich"]
[Result "0-1"]
[WhiteElo "1828"]
[BlackElo "1992"]
[Annotator "ChessOrg"]
[PlyCount "72"]

1. d4 g6 2. c4 Bg7 3. Nf3 c5 4. d5 d6 5. Nc3 Nf6 6. e4 O-O 7. Be2 a6 8. Rb1 b5
9. cxb5 axb5 10. Bxb5 Ba6 11. Bxa6 Nxa6 12. O-O Qc7 13. a3 Rfb8 14. Bf4 Nh5 15.
Bd2 Rb7 16. Qc1 Qb8 17. g4 Qc8 18. h3 Nf6 19. Nh2 h5 20. f3 Rb3 21. Rf2 Rab8
22. Rg2 Nc7 23. gxh5 Nxh5 24. Ng4 Nb5 25. Nxb5 R8xb5 26. a4 Rb8 27. e5 Qf5 28.
Bc3 Rxc3 29. Qxc3 Qxb1+ 30. Kh2 Rb4 31. a5 Qa2 32. a6 Qxa6 33. Qe3 Nf4 34. Rf2
Qb6 35. e6 f5 36. Qa3 fxg4 0-1

[Event "Bad Breisig op"]
[Site "?"]
[Date "2001.??.??"]
[Round "5"]
[White "Noettger, Eckard"]
[Black "Becher, Helmut"]
[Result "1/2-1/2"]
[WhiteElo "1780"]
[BlackElo "2207"]
[Annotator "ChessOrg"]
[PlyCount "45"]

1. d4 d5 2. Nf3 Nf6 3. e3 Bf5 4. Bd3 e6 5. O-O Bxd3 6. Qxd3 c6 7. Nbd2 Nbd7 8.
c3 Bd6 9. e4 Nxe4 10. Nxe4 dxe4 11. Qxe4 Nf6 12. Qe2 Qc7 13. Re1 O-O 14. Ne5 c5
15. dxc5 Qxc5 16. Bg5 Qxe5 17. Qxe5 Bxe5 18. Rxe5 Rfd8 19. Ree1 Rd3 20. Bxf6
gxf6 21. Rad1 Rad8 22. Rxd3 Rxd3 23. Kf1 1/2-1/2

[Event "Bad Breisig op"]
[Site "?"]
[Date "2001.??.??"]
[Round "5"]
[White "Weisshaupt, Rainer"]
[Black "Gerndorf, Michael"]
[Result "0-1"]
[WhiteElo "2183"]
[BlackElo "1976"]
[Annotator "ChessOrg"]
[PlyCount "74"]

1. Nc3 d5 2. e4 e6 3. f4 dxe4 4. Nxe4 Nf6 5. Qf3 g6 6. Nxf6+ Qxf6 7. c3 Nc6 8.
d4 Bg7 9. Ne2 Ne7 10. Ng3 Nd5 11. Bc4 c6 12. O-O O-O 13. Bd2 Qd8 14. Bb3 b6 15.
Rad1 Bb7 16. Rfe1 Qc7 17. Ne4 Rad8 18. Qf2 h6 19. Bc1 Qe7 20. h4 Nf6 21. Nxf6+
Qxf6 22. g4 Rd7 23. Re3 c5 24. dxc5 Rxd1+ 25. Bxd1 Rd8 26. Be2 Bf8 27. cxb6 Bc5
28. bxa7 Bxa7 29. Qg3 e5 30. fxe5 Qc6 31. Qh3 Re8 32. Kf1 Bxe3 33. Bxe3 Rxe5
34. Bd4 Re8 35. b3 Qe4 36. Qd3 Qg2+ 37. Ke1 Bf3 0-1

[Event "Bad Breisig op"]
[Site "?"]
[Date "2001.??.??"]
[Round "5"]
[White "Wempe, Juergen"]
[Black "Schmitz, Karl-Alfred"]
[Result "1-0"]
[WhiteElo "2177"]
[BlackElo "1750"]
[Annotator "ChessOrg"]
[PlyCount "91"]

1. Nf3 d5 2. d4 e6 3. Bf4 f5 4. g4 Nf6 5. g5 Ne4 6. h4 c5 7. c3 cxd4 8. Nxd4
Bd6 9. Bxd6 Qxd6 10. e3 a6 11. Qh5+ g6 12. Qh6 Qf8 13. Qxf8+ Kxf8 14. Bg2 Bd7
15. Bxe4 dxe4 16. Na3 b5 17. O-O-O h5 18. Ne2 Ke7 19. Nf4 Rg8 20. Rd2 Nc6 21.
Rhd1 Ra7 22. Rd6 Ne5 23. Rb6 Rc8 24. Nc2 Rc6 25. Rb8 Rc8 26. Rb6 Rc6 27. Rxc6
Bxc6 28. Nd4 Bd7 29. b3 Kf7 30. Rd2 Ng4 31. Nc2 Ne5 32. Rd6 Ng4 33. c4 Nxf2 34.
Nd4 Nd3+ 35. Nxd3 exd3 36. c5 Ke7 37. Nf3 Rc7 38. b4 Rc6 39. Rxd3 Be8 40. Ne5
Rc8 41. Kc2 Rd8 42. Rxd8 Kxd8 43. Kc3 Ke7 44. Kd4 Kd8 45. Nd3 Ke7 46. Ke5 1-0

[Event "Bad Breisig op"]
[Site "?"]
[Date "2001.??.??"]
[Round "5"]
[White "Kirchgessner, Hans"]
[Black "Meyer, Lars"]
[Result "0-1"]
[WhiteElo "1801"]
[BlackElo "1696"]
[Annotator "ChessOrg"]
[PlyCount "38"]

1. d4 Nf6 2. c4 e5 3. e3 exd4 4. exd4 Nc6 5. Nf3 Bb4+ 6. Bd2 Qe7+ 7. Be2 d5 8.
O-O Bg4 9. Re1 O-O-O 10. Bxb4 Qxb4 11. Qd2 Rhe8 12. c5 Bxf3 13. gxf3 Qxd2 14.
Nxd2 Nxd4 15. Bd3 Nh5 16. Rac1 Nf4 17. Rxe8 Rxe8 18. Bf1 Nde2+ 19. Bxe2 Nxe2+
0-1

[Event "Bad Breisig op"]
[Site "?"]
[Date "2001.??.??"]
[Round "5"]
[White "Noras, Peter"]
[Black "Schild, Willi"]
[Result "1-0"]
[WhiteElo "1699"]
[BlackElo "2237"]
[Annotator "ChessOrg"]
[PlyCount "137"]

1. Nf3 Nf6 2. g3 d5 3. Bg2 Bf5 4. O-O e6 5. d4 Be7 6. c4 c6 7. b3 a5 8. Nc3 Ne4
9. Bb2 O-O 10. Rc1 Nd7 11. Nd2 Ndf6 12. Ndxe4 Nxe4 13. Nxe4 dxe4 14. e3 Bf6 15.
Qc2 a4 16. Bxe4 axb3 17. axb3 Bxe4 18. Qxe4 Ra2 19. Bc3 Qb6 20. Rb1 Rfa8 21.
Rfc1 Be7 22. c5 Qb5 23. Rc2 R2a3 24. Rcb2 Bf6 25. Qc2 g6 26. f4 Bd8 27. Kf2 b6
28. b4 Qc4 29. Bd2 Qxc2 30. Rxc2 b5 31. Kf3 f5 32. h3 Bf6 33. g4 Bxd4 34. gxf5
exf5 35. Rd1 Re8 36. Re1 Bf6 37. Re2 Rd8 38. Bc1 Ra4 39. Rcd2 Kf7 40. Rxd8 Bxd8
41. Rd2 Ke8 42. Rd4 Ra1 43. Bd2 Be7 44. e4 fxe4+ 45. Kxe4 Rh1 46. Rd3 Rh2 47.
f5 gxf5+ 48. Kxf5 Rf2+ 49. Kg4 Re2 50. Kh5 Re4 51. Bg5 Bf8 52. Re3 Rxe3 53.
Bxe3 Kf7 54. Kg5 Ke6 55. Kg4 Kd5 56. Kf5 Bg7 57. Bd2 Bb2 58. h4 Be5 59. h5 Bg7
60. Be1 Bb2 61. Bd2 Bd4 62. Be1 Be3 63. Bc3 h6 64. Kg6 Kc4 65. Bg7 Kxb4 66.
Bxh6 Bxc5 67. Bg5 Bf8 68. Kf7 Bc5 69. h6 1-0

[Event "Bad Breisig op"]
[Site "?"]
[Date "2001.??.??"]
[Round "5"]
[White "Schwertel, Johann"]
[Black "Auf'm Wasser, Guenter"]
[Result "1-0"]
[WhiteElo "1875"]
[BlackElo "1693"]
[Annotator "ChessOrg"]
[PlyCount "69"]

1. c4 f5 2. Nc3 Nf6 3. g3 e6 4. Bg2 c6 5. Nf3 d5 6. cxd5 exd5 7. d4 Bd6 8. O-O
O-O 9. e3 Qe8 10. Bd2 Nbd7 11. Qc2 Ne4 12. Rad1 Ndf6 13. a3 Qg6 14. Bc1 Bd7 15.
Ne2 Rae8 16. Nf4 Bxf4 17. exf4 h6 18. Ne5 Qh7 19. f3 Nd6 20. Qc5 Nc8 21. Rfe1
Be6 22. Qb4 Nb6 23. Re2 Nfd7 24. Rde1 Nxe5 25. Rxe5 Bf7 26. Bf1 Rxe5 27. Rxe5
Re8 28. Re7 Bh5 29. Qd6 Rxe7 30. Qxe7 g6 31. Qe8+ Kg7 32. Qe5+ Kf7 33. Qc7+ Kg8
34. Qb8+ Kg7 35. Qxb7+ 1-0

[Event "Bad Breisig op"]
[Site "?"]
[Date "2001.??.??"]
[Round "5"]
[White "Karwatzki, Hans-Juergen"]
[Black "Meyer, Marco"]
[Result "0-1"]
[WhiteElo "1557"]
[BlackElo "1602"]
[Annotator "ChessOrg"]
[PlyCount "58"]

1. e4 e6 2. d4 d5 3. e5 c5 4. c3 Nc6 5. Nf3 Qb6 6. Bd3 cxd4 7. cxd4 Bd7 8. O-O
Nxd4 9. Nxd4 Qxd4 10. Nc3 a6 11. Re1 Qb6 12. Kh1 Bb4 13. Qg4 g6 14. Bg5 d4 15.
Ne4 Bxe1 16. Nd6+ Kf8 17. Qf4 f5 18. exf6 Bd2 19. Qg3 Bxg5 20. f7 Nh6 21. Qe5
Nxf7 22. Nxf7 Kxf7 23. Qxg5 Qd8 24. Qf4+ Qf6 25. Qc7 Rhd8 26. Qxb7 Rab8 27.
Qxa6 Rxb2 28. Qa7 Rxf2 29. Rg1 Kg8 0-1

[Event "Bad Breisig op"]
[Site "?"]
[Date "2001.??.??"]
[Round "5"]
[White "Wempe, Moritz"]
[Black "Reimann, Guenther"]
[Result "0-1"]
[WhiteElo "1176"]
[BlackElo "1827"]
[Annotator "ChessOrg"]
[PlyCount "60"]

1. e4 e6 2. d4 d5 3. e5 c5 4. b3 cxd4 5. Qxd4 Nc6 6. Bb5 Qa5+ 7. Nc3 Bd7 8.
Bxc6 bxc6 9. Bd2 Qc7 10. Nf3 Ne7 11. Ng5 h6 12. Nf3 c5 13. Qe3 d4 14. Qe4 Rc8
15. a4 dxc3 16. Bxc3 Nd5 17. O-O Nxc3 18. Qc4 Nd5 19. Rad1 Be7 20. c3 O-O 21.
h3 Bc6 22. Qd3 Qb7 23. c4 Nf4 24. Qd2 Nxh3+ 25. gxh3 Bxf3 26. Qd7 Rc7 27. Qb5
Bxd1 28. Rxd1 Qxb5 29. axb5 Rd8 30. Re1 Rcd7 0-1

[Event "Bad Breisig op"]
[Site "?"]
[Date "2001.??.??"]
[Round "6"]
[White "Rehm, Ulrich"]
[Black "Zaschke, Benjamin"]
[Result "1/2-1/2"]
[WhiteElo "1992"]
[BlackElo "2041"]
[Annotator "ChessOrg"]
[PlyCount "43"]

1. Nf3 Nf6 2. c4 g6 3. Nc3 c5 4. d4 cxd4 5. Nxd4 Nc6 6. e4 Nxd4 7. Qxd4 d6 8.
Be2 Bg7 9. Be3 O-O 10. Qd2 Be6 11. Rc1 Rc8 12. b3 b6 13. O-O Bd7 14. Bh6 Bc6
15. Bxg7 Kxg7 16. Qd4 Qc7 17. Rfd1 Rfd8 18. h3 a5 19. Nd5 Bxd5 20. exd5 Qc5 21.
Qb2 Ra8 22. Bf3 1/2-1/2

[Event "Bad Breisig op"]
[Site "?"]
[Date "2001.??.??"]
[Round "6"]
[White "Meyer, Lars"]
[Black "Wempe, Juergen"]
[Result "0-1"]
[WhiteElo "1696"]
[BlackElo "2177"]
[Annotator "ChessOrg"]
[PlyCount "62"]

1. Nf3 e6 2. g3 f5 3. d3 Nf6 4. Nbd2 Bc5 5. Bg2 Bxf2+ 6. Kxf2 Ng4+ 7. Kg1 Ne3
8. Qe1 Nxc2 9. Qd1 Nxa1 10. Nc4 O-O 11. Bg5 Qe8 12. Qxa1 Nc6 13. Nce5 d6 14.
Nxc6 bxc6 15. Nd4 Bd7 16. Qc1 d5 17. Nf3 e5 18. Qc3 h6 19. Bd2 e4 20. Ne5 Rb8
21. Qd4 c5 22. Qxd5+ Be6 23. Qxc5 Rb5 24. Qxc7 Rxb2 25. Bc3 Rxe2 26. Bb4 Qb8
27. Qxb8 Rxb8 28. a3 a5 29. Bxa5 Rb1+ 30. Bf1 f4 31. h4 fxg3 0-1

[Event "Bad Breisig op"]
[Site "?"]
[Date "2001.??.??"]
[Round "6"]
[White "Gerndorf, Michael"]
[Black "Weber, Gerhard"]
[Result "1-0"]
[WhiteElo "1976"]
[BlackElo "2130"]
[Annotator "ChessOrg"]
[PlyCount "63"]

1. e4 e5 2. Nf3 Nc6 3. Bb5 Nd4 4. Nxd4 exd4 5. c3 Bc5 6. Qg4 Qf6 7. O-O c6 8.
Ba4 Ne7 9. d3 h6 10. Qe2 b5 11. Bb3 O-O 12. Bd2 a5 13. a4 dxc3 14. bxc3 b4 15.
e5 Qg6 16. d4 bxc3 17. Bxc3 Ba6 18. Bc4 Bxc4 19. Qxc4 Bb6 20. Ra2 Nd5 21. Ba1
Kh7 22. Ra3 Qe6 23. Nd2 f6 24. Nf3 fxe5 25. Nxe5 Bc7 26. Rg3 Nf4 27. Qc2+ g6
28. Re1 Rae8 29. Bc3 d6 30. Nf3 Ne2+ 31. Rxe2 Qxe2 32. Qxg6+ 1-0

[Event "Bad Breisig op"]
[Site "?"]
[Date "2001.??.??"]
[Round "6"]
[White "Gerhards, Walter"]
[Black "Reinke, Kurt"]
[Result "0-1"]
[WhiteElo "1834"]
[BlackElo "1828"]
[Annotator "ChessOrg"]
[PlyCount "86"]

1. e4 c5 2. c3 Nf6 3. e5 Nd5 4. g3 Nc6 5. Bg2 e6 6. Nf3 Qc7 7. Qe2 b5 8. O-O a5
9. d3 Be7 10. Nbd2 O-O 11. Re1 f5 12. Nf1 Bb7 13. Bg5 Bxg5 14. Nxg5 h6 15. Nh3
f4 16. Bxd5 exd5 17. Nxf4 Ne7 18. d4 b4 19. Qd2 g5 20. Nh5 Kh8 21. Nf6 Ng8 22.
Nxg8 Kxg8 23. Ne3 h5 24. Ng2 Qd8 25. e6 dxe6 26. Rxe6 Ra6 27. Qe2 Rxe6 28.
Qxe6+ Kg7 29. Re1 Qf6 30. Qxf6+ Kxf6 31. f4 Rc8 32. fxg5+ Kxg5 33. Re5+ Kf6 34.
Ne3 cxd4 35. cxd4 Rc1+ 36. Kf2 Rb1 37. Nxd5+ Bxd5 38. Rxd5 Rxb2+ 39. Kf3 Rxa2
40. Rxh5 b3 41. Ke4 b2 42. Rb5 a4 43. Kd3 a3 0-1

[Event "Bad Breisig op"]
[Site "?"]
[Date "2001.??.??"]
[Round "6"]
[White "Moerger, Karl-Heinz"]
[Black "Noettger, Eckard"]
[Result "0-1"]
[WhiteElo "1790"]
[BlackElo "1780"]
[Annotator "ChessOrg"]
[PlyCount "56"]

1. e4 c5 2. Nf3 e6 3. d4 cxd4 4. Nxd4 a6 5. Be2 Nf6 6. f3 Qc7 7. Nb3 Be7 8. O-O
O-O 9. c4 b6 10. Nc3 Bb7 11. Bg5 d6 12. Nd2 Qc5+ 13. Kh1 Qxg5 14. f4 Qc5 15.
Bf3 Qc7 16. e5 Nfd7 17. exd6 Bxd6 18. Bxb7 Qxb7 19. Nde4 Be7 20. Qf3 Nc6 21.
Rad1 Qc7 22. Rd2 Nf6 23. Nxf6+ Bxf6 24. Ne4 Be7 25. f5 exf5 26. Qxf5 Rad8 27.
Rff2 Qe5 28. Qg4 f5 0-1

[Event "Bad Breisig op"]
[Site "?"]
[Date "2001.??.??"]
[Round "6"]
[White "Schmitz, Karl-Alfred"]
[Black "Noras, Peter"]
[Result "0-1"]
[WhiteElo "1750"]
[BlackElo "1699"]
[Annotator "ChessOrg"]
[PlyCount "62"]

1. d4 d5 2. e3 Nf6 3. f4 Bf5 4. Nf3 e6 5. Nbd2 Nc6 6. c3 Bd6 7. Be2 Ng4 8. Nf1
h6 9. h3 Nf6 10. Ng3 O-O 11. O-O Ne7 12. Ne5 c5 13. Bd2 c4 14. Nxf5 Nxf5 15. g4
Ng3 16. Rf3 Nfe4 17. Be1 Nxe2+ 18. Qxe2 f6 19. Ng6 Rf7 20. f5 exf5 21. Rxf5 Bg3
22. Qf3 Bc7 23. h4 Rd7 24. g5 hxg5 25. Qh5 Qe8 26. hxg5 Nxg5 27. Bf2 Rad8 28.
Qh8+ Kf7 29. Qxe8+ Rxe8 30. Nf4 Bxf4 31. Rxf4 Nh3+ 0-1